| 000 | 01031nam a22002775a 4500 | ||
|---|---|---|---|
| 003 | OSt | ||
| 005 | 20170301123124.0 | ||
| 008 | 170226s2016 ua frb 000 0 ara d | ||
| 015 | _a2016 / 2301 | ||
| 020 | _a9789770480113 | ||
| 040 |
_aEG-ScBUE _bara _cEG-ScBUE |
||
| 043 | _aa-mk--- | ||
| 082 | 0 | 4 |
_a342.535306 _bش ك ي _222 |
| 100 | 1 | _aشكيلي، سالم بن سلمان. | |
| 245 | 1 | 0 |
_aنظرية سحب القرارات الإدارية / _cسالم بن سلمان الشكيلي. |
| 250 | _aط. 1. | ||
| 260 |
_aالقاهرة : _bدار النهضة العربية، _c2016. |
||
| 300 |
_a164 ص. ؛ _c24 سم. |
||
| 504 | _aيشتمل على إرجاعات ببليوجرافية. | ||
| 650 | 7 |
_aالقانون الإداري _zعمان (سلطنة). _2BUEsh _940631 |
|
| 650 | 7 |
_aالقرارات الإدارية _zعمان (سلطنة). _2BUEsh _914805 |
|
| 650 | 7 |
_aالرقابة الإدارية _zعمان (سلطنة). _2BUEsh _914803 |
|
| 651 | _2BUEsh | ||
| 653 |
_bLLAAWW _cFebruary2017 |
||
| 942 | _2ddc | ||
| 999 |
_c24280 _d24252 |
||